Statistiken für Tabellenendstand der Premier League Saison 2021/2022

Klicken Sie hier um das Quiz zu spielen!

Allgemein

  • Dieses Quiz wurde 594 mal gespielt
  • Das Durchschnittsergebnis liegt bei 11 aus 20

Antwortstatistiken

PunkteVerein% Korrekt
193Manchester City
100%
292FC Liverpool
99%
374FC Chelsea
96%
471Tottenham Hotspur
91%
569FC Arsenal
89%
658Manchester United
88%
756West Ham United
72%
852Leicester City
54%
1639FC Everton
49%
2022Norwich City
49%
1835FC Burnley
43%
951Brighton & Hove Albion
41%
1738Leeds United
41%
1149Newcastle United
40%
1923FC Watford
37%
1445Aston Villa
32%
1346FC Brentford
29%
1540FC Southampton
29%
1051Wolverhampton Wanderers
29%
1248Crystal Palace
28%

Verteilung der Resultate

Perzentil nach korrekt beantworteten Fragen

Anzahl Personen mit jedem Resultat

Ihre Resultats-Entwicklung

Sie haben dieses Quiz noch nicht gespielt